Responses for Show #2209 - Thursday, March 24, 1994

Contestants

[<< previous game]

George Engelmann, a vertebrate paleontologist from Omaha, Nebraska

Marsha Jones, a briefing attorney from Houston, Texas

Mark Staib, a lawyer from Cleveland Heights, Ohio (whose 1-day cash winnings total $14,601)

[next game >>]

Jeopardy! Round responses

U.S. ISLANDS
MICKEY'S TOONTOWN
SLOGANS & MOTTOES
ANIMALS
THE BIBLE
"A" MEN
    $100 7
Hawaii

George
    $100 12
Disneyland

George
    $100 26
be prepared

George
    $100 5
eyes

Mark
    $100 1
the Garden of Eden

Marsha
    $100 17
Yasser Arafat

George
    $200 13
Florida

George
    $200 22
coffee

Mark
    $200 27
leave it

George
    $200 8
South America

George
    $200 2
Abraham

George
    $200 18
Armstrong & Aldrin

Mark
    $300 14
Long Island

George
    $300 23
(George: Who is Mickey Mouse?)

Donald Duck

MarshaGeorge
    $300 28
all for one and one for all

George
    $300 9
an eel (or a lamprey)

George
    $300 3
(George: What is the kingdom of heaven?)

in the house of the Lord

MarshaGeorge
    $300 19
Isaac Asimov

George
    $400 15
Nantucket Island

George
    $400 24
Chip 'n Dale

George
    $400 29
Woodrow Wilson

George
    $400 10
a dog

Marsha
    $400 4
Matthew

George
    $400 20
Andre Agassi

Marsha
    $500 16
Catalina

Marsha
    $500 25
cheese

George
    $500 30
Hope

Mark
    $500 11
a cheetah

George
    $500 6
(Mark: What are, who are Judas?)

James

Mark
    $500 21
Walter Annenberg

George

Scores at the first commercial break (after clue 15):

Mark Marsha George
-$400 $800 $2,400

Scores at the end of the Jeopardy! Round:

Mark Marsha George
$500 $2,000 $4,900

Double Jeopardy! Round responses

COLONIAL AMERICA
JAZZ
PHILOSOPHY
MUSEUMS
LITERARY CHARACTERS
BRITISH POTPOURRI
    $200 1
cornmeal

George
    $200 23
Louis Armstrong

George
    $200 2
(Karl) Marx

Mark
    $200 9
the Louvre

George
    $200 14
Grapes of Wrath

Mark
    $200 16
(George: What is Stratford-on-Avon?)
[Accepted without remark]

Stratford-upon-Avon

George
    $400 3
Paul Revere

George
    $400 24
Scott Joplin

Mark
    $400 4
Socrates

Mark
    $400 10
(Thor) Heyerdahl

Mark
    $400 18
(George: Who is the Red Queen?)

The Queen of Hearts

George
Triple Stumper
    $400 20
Cornwall

George
    $600 5
Virginia

George
    $600 26
(George: Who is Benny Goodman?)

Woody Herman

George
Triple Stumper
    $600 6
Confucius

George
    $600 12
Warsaw

George
    $600 19
Lolita

Mark
    $600 25
Christopher Wren

George
    $800 11
Cotton

George
    $800 27
Newport

George
    $800 7
(Mark: Who is Heidegger?)
(George: Who is Hegel?)

Jean Paul Sartre

MarkGeorge
Triple Stumper
    $800 13
(George: What is Stuttgart?)

Munich

MarshaGeorge
    $2,000 21
Pudd'nhead Wilson

George
    $1,000 15
(Mark: Who is Peter Minuet?)

Peter Stuyvesant

Mark
    $1000 28
[The end-of-round signal sounds.]

Earl Hines

George
    $1000 8
Kierkegaard

George
    $1000 17
Naples

George
    $1000 22
(Alex: And we've got a minute to go.)

Wolf Larsen

George

Scores at the end of the Double Jeopardy! Round:

Mark Marsha George
$900 $2,800 $13,900
(lock game)

[wagering suggestions for these scores]

Final Jeopardy! Round responses

LESSER-KNOWN NAMES
(Alex: Yes, the Secretary of the Treasury and the Treasurer of the United States. Their signatures appear on our money.)
MarkWhat a dollar bill?
$899
MarshaWhat is photo
$800
GeorgeWhat is a bottle
$3,900
a $1 bill

Final scores:

Mark Marsha George
$1,799 $2,000 $10,000
3rd place: Technics stereo system 2nd place: trip to Tampa, Florida New champion: $10,000

Game dynamics:

Coryat scores:

Mark Marsha George
$2,400 $2,800 $12,700
10 R,
3 W
(including 2 DDs)
7 R,
0 W
36 R
(including 1 DD),
6 W

Combined Coryat: $17,900

[game clues] [game scores] [suggest correction]

Game tape date: 1993-12-13
The J! Archive is created by fans, for fans. Scraping, republication, monetization, and malicious use prohibited; this site may use cookies and collect identifying information. See terms. The Jeopardy! game show and all elements thereof, including but not limited to copyright and trademark thereto, are the property of Jeopardy Productions, Inc. and are protected under law. This website is not affiliated with, sponsored by, or operated by Jeopardy Productions, Inc. Join the discussion at JBoard.tv.